000 00999nam a22003017a 4500
001 3084
003 FISKH
005 20250421120247.0
008 240205b cb ||||| |||| 00| 0 eng d
020 _a9780439899369
040 _aFISKH
_beng
_cFISKH
_dFISKH
050 _aPZ7.C17363
082 _a363.72
100 _aCapeci, Anne
245 _aThe magic school bus gets recycled /
_cby Capeci, Anne
250 _aFirst printing , March 2007
260 _aNew York :
_bScholastic ,
_c2007
300 _a32 unnumbered pages :
_bcolor illustrations ;
_c23 cm
490 _aThe magic school bus
_vLevel 2
505 _aJ
520 _aMs. Frizzle's class is holding a recycling drive. But when Phoebe loses her necklace, the kids hop on the bus to track it down.
521 8 _a480
_bLexile
521 8 _aJ
_bRaz-Plus
600 _2magic school bus
_vfiction
610 _2recycling
_vjuvenile
700 _aBracken, Carolyn
_eillustrator
942 _2ddc
_cBK
_n0
999 _c3084
_d3084